000 00241nmm a2200085Ia 4500
008 220120s9999||||xx |||||||||||||||||und||
100 _aDigit
245 0 _aUbuntu ultimate 3.5, react OS, free BSD
260 _aNine dot nine interactive ltd.
_c2012
999 _c139817
_d139817